[Event "I Internacional Femenino Chamartín-FMA "]
[Site "Madrid ESP"]
[Date "2014.03.12"]
[Round "1.1"]
[White "Rudolf, Anna"]
[Black "Haussernot, Cecile"]
[Result "1-0"]
[WhiteElo "2297"]
[BlackElo "2032"]
[PlyCount "89"]
[EventDate "2014.03.12"]
[EventType "tourn"]
[EventRounds "10"]
[EventCountry "ESP"]
[Source "lmi"]
[SourceDate "2014.03.12"]

1. e4 c5 2. c3 d6 3. d4 Nf6 4. Nd2 e5 5. Ngf3 Qc7 6. Bc4 Be7 7. O-O O-O 8. Re1
Bg4 9. b3 Nc6 10. h3 Bh5 11. d5 Nd8 12. Nf1 a6 13. a4 b6 14. Ng3 Bg6 15. Nh4
Ne8 16. Nhf5 Bf6 17. Qe2 Qc8 18. Qg4 Rb8 19. h4 b5 20. axb5 axb5 21. Bf1 Bxf5
22. Nxf5 g6 23. Qg3 Kh8 24. Nh6 Ng7 25. Be2 Be7 26. f4 f6 27. Bd2 Nf7 28. Nxf7+
Rxf7 29. Ra7 Kg8 30. h5 exf4 31. Bxf4 g5 32. h6 gxf4 33. Qxf4 f5 34. hxg7 Bg5
35. Qxg5 Rxa7 36. exf5 Rxg7 37. Qf4 Qd7 38. Bh5 Re7 39. Qg5+ Rg7 40. Qf4 Re7
41. Re6 Rxe6 42. dxe6 Qe7 43. f6 Qc7 44. Qg5+ Kh8 45. Bf7 1-0

[Event "I Internacional Femenino Chamartín-FMA "]
[Site "Madrid ESP"]
[Date "2014.03.12"]
[Round "1.2"]
[White "Rodrigo Yanguas, Maria"]
[Black "Cucarella Montell, Angels"]
[Result "1-0"]
[WhiteElo "2165"]
[BlackElo "1964"]
[PlyCount "93"]
[EventDate "2014.03.12"]
[EventType "tourn"]
[EventRounds "10"]
[EventCountry "ESP"]
[Source "lmi"]
[SourceDate "2014.03.12"]

1. e4 c5 2. Nf3 e6 3. d4 cxd4 4. Nxd4 a6 5. Nc3 Qc7 6. Be2 Nf6 7. O-O Nc6 8.
Be3 Bb4 9. Nxc6 bxc6 10. Qd4 c5 11. Qc4 Bb7 12. a3 Bxc3 13. Qxc3 Bxe4 14. f3
Bg6 15. Qxc5 Qxc5 16. Bxc5 Bxc2 17. Rfc1 Ba4 18. Bd6 Bc6 19. b4 Kd8 20. a4 Ne8
21. Bg3 Bb7 22. Rc3 Rc8 23. Rxc8+ Bxc8 24. Rc1 d6 25. Rc6 Kd7 26. Rb6 Kc7 27.
a5 e5 28. Bxa6 Nf6 29. Bxc8 Rxc8 30. b5 Nd5 31. Rc6+ Kd7 32. Rxc8 Kxc8 33. Be1
Nc7 34. b6 Nd5 35. Kf2 Kb7 36. g3 f5 37. Ke2 h5 38. Kd3 Nf6 39. Bf2 d5 40. f4
Ne4 41. Bg1 exf4 42. gxf4 Ka6 43. Kd4 g5 44. fxg5 Nxg5 45. Kxd5 Nf3 46. Kc6
Ne5+ 47. Kc7 1-0

[Event "I Internacional Femenino Chamartín-FMA "]
[Site "Madrid ESP"]
[Date "2014.03.12"]
[Round "1.3"]
[White "Huerga Leache, Mikel"]
[Black "Arbunic Castro, Giovanna B"]
[Result "1-0"]
[WhiteElo "2441"]
[BlackElo "2054"]
[PlyCount "51"]
[EventDate "2014.03.12"]
[EventType "tourn"]
[EventRounds "10"]
[EventCountry "ESP"]
[Source "lmi"]
[SourceDate "2014.03.12"]

1. d4 g6 2. Nf3 Bg7 3. e4 c5 4. dxc5 Qa5+ 5. c3 Qxc5 6. Na3 Bxc3+ 7. bxc3 Qxc3+
8. Qd2 Qxa1 9. Bc4 Qg7 10. Nb5 Na6 11. Bb2 f6 12. e5 fxe5 13. Bxe5 Nf6 14. Qe3
Ng4 15. Bxg7 Nxe3 16. fxe3 Rf8 17. Bxf8 Kxf8 18. O-O e6 19. Ng5+ Kg8 20. Nd6
Nc5 21. Rf7 h6 22. Nh7 Ne4 23. Nf6+ Nxf6 24. Rxf6 Kg7 25. Rf7+ Kg8 26. Re7 1-0

[Event "I Internacional Femenino Chamartín-FMA "]
[Site "Madrid ESP"]
[Date "2014.03.12"]
[Round "2.2"]
[White "Cucarella Montell, Angels"]
[Black "Huerga Leache, Mikel"]
[Result "0-1"]
[WhiteElo "1964"]
[BlackElo "2441"]
[PlyCount "76"]
[EventDate "2014.03.12"]
[EventType "tourn"]
[EventRounds "10"]
[EventCountry "ESP"]
[Source "lmi"]
[SourceDate "2014.03.12"]

1. e4 c5 2. Nf3 Nc6 3. d4 cxd4 4. Nxd4 g6 5. Nc3 Bg7 6. Nde2 Nf6 7. g3 O-O 8.
Bg2 Rb8 9. a4 a6 10. O-O b5 11. axb5 axb5 12. h3 d6 13. Bg5 Nd7 14. Qc1 Nc5 15.
Bh6 Bxh6 16. Qxh6 b4 17. Nd5 Ba6 18. Qd2 b3 19. c3 Ne5 20. Ne3 Bd3 21. f3 Qb6
22. Kh2 e6 23. Rfd1 Rbd8 24. Nd4 Bc2 25. Ndxc2 bxc2 26. Qxc2 Nb3 27. Qe2 Nxa1
28. Rxa1 Ra8 29. Rd1 Ra2 30. Rd2 Ra1 31. Rd1 Rfa8 32. f4 Rxd1 33. Nxd1 Nd7 34.
Ne3 Ra2 35. Qc4 Qxb2 36. f5 Nf8 37. e5 dxe5 38. f6 Qf2 0-1

[Event "I Internacional Femenino Chamartín-FMA "]
[Site "Madrid ESP"]
[Date "2014.03.12"]
[Round "2.3"]
[White "Rudolf, Anna"]
[Black "Rodrigo Yanguas, Maria"]
[Result "1-0"]
[WhiteElo "2297"]
[BlackElo "2165"]
[PlyCount "81"]
[EventDate "2014.03.12"]
[EventType "tourn"]
[EventRounds "10"]
[EventCountry "ESP"]
[Source "lmi"]
[SourceDate "2014.03.12"]

1. e4 e6 2. d4 d5 3. Nc3 Nf6 4. e5 Nfd7 5. f4 c5 6. Nf3 Nc6 7. Be3 a6 8. Qd2 b5
9. dxc5 Bxc5 10. Bd3 Qb6 11. Bf2 Bb7 12. O-O O-O-O 13. Ng5 Rdf8 14. Nxh7 Rfg8
15. Ng5 Nd8 16. Nf3 f6 17. Bxc5 Qxc5+ 18. Qf2 Qc7 19. a4 b4 20. Ne2 g5 21. Rae1
gxf4 22. Nxf4 Nxe5 23. Nxe5 fxe5 24. Ng6 Rh5 25. Qe2 Rg5 26. h4 R5xg6 27. Bxg6
Rxg6 28. Qxe5 Qc4 29. h5 Rh6 30. Qg5 Qd4+ 31. Kh2 Qh8 32. g4 Qh7 33. Kg1 Qh8
34. Rf4 Nc6 35. Ref1 Kc7 36. Rf7+ Kb6 37. Qe3+ d4 38. Qg5 b3 39. cxb3 d3 40.
a5+ Ka7 41. Qc5+ 1-0

[Event "I Internacional Femenino Chamartín-FMA "]
[Site "Madrid ESP"]
[Date "2014.03.13"]
[Round "3.1"]
[White "Rodrigo Yanguas, Maria"]
[Black "Haussernot, Cecile"]
[Result "1-0"]
[WhiteElo "2165"]
[BlackElo "2032"]
[PlyCount "61"]
[EventDate "2014.03.12"]
[EventType "tourn"]
[EventRounds "10"]
[EventCountry "ESP"]
[Source "lmi"]
[SourceDate "2014.03.12"]

1. e4 c5 2. Nf3 d6 3. d4 cxd4 4. Nxd4 Nf6 5. Nc3 a6 6. Be2 e5 7. Nb3 Be7 8. Be3
Be6 9. Nd5 Bxd5 10. exd5 O-O 11. O-O Nbd7 12. f4 Qc7 13. c4 Ne8 14. Rc1 b6 15.
Bd3 Nc5 16. Bb1 Bf6 17. Nd2 exf4 18. Bxf4 g6 19. b4 Nd7 20. Ne4 Bg7 21. Kh1 Ne5
22. Qe2 Qd7 23. Rfe1 h6 24. c5 f5 25. Nxd6 Nxd6 26. cxd6 Nf7 27. Qe6 Qb5 28.
Qxg6 Qxd5 29. Re7 Rac8 30. Rce1 Qd4 31. Bxf5 1-0

[Event "I Internacional Femenino Chamartín-FMA "]
[Site "Madrid ESP"]
[Date "2014.03.13"]
[Round "3.2"]
[White "Huerga Leache, Mikel"]
[Black "Rudolf, Anna"]
[Result "1-0"]
[WhiteElo "2441"]
[BlackElo "2297"]
[PlyCount "77"]
[EventDate "2014.03.12"]
[EventType "tourn"]
[EventRounds "10"]
[EventCountry "ESP"]
[Source "lmi"]
[SourceDate "2014.03.12"]

1. d4 d5 2. c4 e6 3. Nf3 Nf6 4. g3 Be7 5. Bg2 O-O 6. O-O dxc4 7. Qa4 a6 8. Qxc4
b5 9. Qc2 Bb7 10. Bd2 Be4 11. Qb3 Nc6 12. e3 Bd5 13. Qc2 Be4 14. Qc1 b4 15. Rd1
Qd5 16. Ne1 Bxg2 17. Nxg2 e5 18. a3 a5 19. Be1 exd4 20. Nd2 dxe3 21. Nxe3 Qe6
22. Nf3 Ne4 23. Nd5 Bc5 24. axb4 Nxb4 25. Nxc7 Qg4 26. Nxa8 Qxf3 27. Qf4 Qe2
28. Bxb4 Bxf2+ 29. Kh1 axb4 30. Rf1 Bd4 31. Nc7 Nf2+ 32. Rxf2 Bxf2 33. Nd5 b3
34. Rc1 Re8 35. Nc3 Qxb2 36. Nd1 Re1+ 37. Kg2 Be3+ 38. Nxb2 Re2+ 39. Kf1 1-0

[Event "I Internacional Femenino Chamartín-FMA "]
[Site "Madrid ESP"]
[Date "2014.03.13"]
[Round "3.3"]
[White "Arbunic Castro, Giovanna B"]
[Black "Cucarella Montell, Angels"]
[Result "1-0"]
[WhiteElo "2054"]
[BlackElo "1964"]
[PlyCount "69"]
[EventDate "2014.03.12"]
[EventType "tourn"]
[EventRounds "10"]
[EventCountry "ESP"]
[Source "lmi"]
[SourceDate "2014.03.12"]

1. d4 Nf6 2. c4 g6 3. Nc3 Bg7 4. e4 d6 5. Nf3 Nbd7 6. Be2 O-O 7. O-O e5 8. Bg5
h6 9. Bh4 Re8 10. d5 Nf8 11. Nd2 g5 12. Bg3 Ng6 13. b4 a5 14. a3 axb4 15. axb4
Rxa1 16. Qxa1 Nf4 17. Re1 N6h5 18. Bf1 f5 19. c5 Nxg2 20. Bxg2 f4 21. Nc4 Bf8
22. cxd6 cxd6 23. Nb5 fxg3 24. hxg3 Bg4 25. Qa7 Qd7 26. Qb6 Bh3 27. Nbxd6 Bxg2
28. Kxg2 Ra8 29. Nf5 Ra6 30. Qe3 Bxb4 31. Nxe5 Qc7 32. Rh1 Qxe5 33. Rxh5 Bc5
34. Nxh6+ Kf8 35. Qxc5+ 1-0

[Event "I Internacional Femenino Chamartín-FMA "]
[Site "Madrid ESP"]
[Date "2014.03.13"]
[Round "4.1"]
[White "Haussernot, Cecile"]
[Black "Cucarella Montell, Angels"]
[Result "0-1"]
[WhiteElo "2032"]
[BlackElo "1964"]
[PlyCount "100"]
[EventDate "2014.03.12"]
[EventType "tourn"]
[EventRounds "10"]
[EventCountry "ESP"]
[Source "lmi"]
[SourceDate "2014.03.12"]

1. e4 c5 2. Nf3 e6 3. d4 cxd4 4. Nxd4 Nc6 5. Nc3 Qc7 6. f4 a6 7. Be2 b5 8. Be3
Bb7 9. O-O Rc8 10. Kh1 d6 11. Qd2 Nf6 12. Bf3 Na5 13. Qd3 Nc4 14. Bc1 Be7 15.
Nce2 O-O 16. b3 Nb6 17. c3 Nbd7 18. b4 Nb6 19. Bd2 Rfd8 20. g4 e5 21. g5 Nfd7
22. Nf5 Bf8 23. Rg1 g6 24. Nh6+ Bxh6 25. gxh6 Qc4 26. Qe3 d5 27. Ng3 d4 28. Qf2
dxc3 29. Be3 Na4 30. f5 Nf8 31. Nh5 Rd6 32. fxg6 hxg6 33. Qh4 Qe6 34. Raf1 Kh7
35. Qg5 Rc4 36. Bg2 Kh8 37. Rf6 Qe7 38. Rxd6 Qxd6 39. Ng3 Nh7 40. Qh4 Nb2 41.
Bc5 Qf6 42. Qg4 Rxc5 43. bxc5 Nd3 44. Rf1 Nf2+ 45. Rxf2 Qxf2 46. Qd7 Nf8 47.
Qd6 Nd7 48. Qxd7 c2 49. Qe8+ Kh7 50. Ne2 c1=Q+ 0-1

[Event "I Internacional Femenino Chamartín-FMA "]
[Site "Madrid ESP"]
[Date "2014.03.13"]
[Round "4.2"]
[White "Rudolf, Anna"]
[Black "Arbunic Castro, Giovanna B"]
[Result "1-0"]
[WhiteElo "2297"]
[BlackElo "2054"]
[PlyCount "95"]
[EventDate "2014.03.12"]
[EventType "tourn"]
[EventRounds "10"]
[EventCountry "ESP"]
[Source "lmi"]
[SourceDate "2014.03.12"]

1. e4 c5 2. Nf3 e6 3. d4 cxd4 4. Nxd4 a6 5. Bd3 g6 6. O-O Bg7 7. Nf3 Ne7 8. Nc3
O-O 9. Bg5 h6 10. Bf4 d5 11. exd5 Nxd5 12. Nxd5 Qxd5 13. c4 Qa5 14. Qe2 Nc6 15.
Bd6 Re8 16. c5 e5 17. Nd2 Nd4 18. Qe3 Nf5 19. Bxf5 Bxf5 20. Nc4 Qb5 21. b3 Qc6
22. Rfe1 Rad8 23. Rad1 f6 24. a4 Kh7 25. Qc3 Be6 26. h3 Bxc4 27. Qxc4 Rd7 28.
Re3 f5 29. f3 e4 30. fxe4 fxe4 31. Rd5 b5 32. cxb6 Rxd6 33. Qxc6 Rxc6 34. a5
Rc3 35. Rxc3 Bxc3 36. Kf2 Kg7 37. Ke3 Re7 38. Rc5 Bb4 39. Rc7 Kf8 40. b7 Re8
41. Rc8 Bd6 42. b4 g5 43. b5 Bf4+ 44. Ke2 Bb8 45. Rxb8 Rxb8 46. bxa6 Ke7 47. a7
Rxb7 48. a8=Q 1-0

[Event "I Internacional Femenino Chamartín-FMA "]
[Site "Madrid ESP"]
[Date "2014.03.13"]
[Round "4.3"]
[White "Rodrigo Yanguas, Maria"]
[Black "Huerga Leache, Mikel"]
[Result "1/2-1/2"]
[WhiteElo "2165"]
[BlackElo "2441"]
[PlyCount "38"]
[EventDate "2014.03.12"]
[EventType "tourn"]
[EventRounds "10"]
[EventCountry "ESP"]
[Source "lmi"]
[SourceDate "2014.03.12"]

1. e4 c5 2. Nf3 Nc6 3. d4 cxd4 4. Nxd4 e5 5. Nb5 a6 6. Nd6+ Bxd6 7. Qxd6 Qf6 8.
Qc7 Qg6 9. Nc3 Nge7 10. Be3 b5 11. O-O-O O-O 12. h4 f5 13. exf5 Nxf5 14. Bc5
Rf7 15. Bd3 Qh6+ 16. Be3 Nxe3 17. fxe3 Qxe3+ 18. Kb1 Qa7 19. Qd6 Qb8 1/2-1/2

[Event "I Internacional Femenino Chamartín-FMA "]
[Site "Madrid ESP"]
[Date "2014.03.14"]
[Round "5.1"]
[White "Huerga Leache, Mikel"]
[Black "Haussernot, Cecile"]
[Result "1-0"]
[WhiteElo "2441"]
[BlackElo "2032"]
[PlyCount "77"]
[EventDate "2014.03.12"]
[EventType "tourn"]
[EventRounds "10"]
[EventCountry "ESP"]
[Source "lmi"]
[SourceDate "2014.03.12"]

1. e4 c5 2. Nf3 d6 3. d4 cxd4 4. Nxd4 Nf6 5. f3 a6 6. c4 e5 7. Nb3 Be7 8. Be3
O-O 9. Nc3 Be6 10. Be2 Nbd7 11. O-O Rc8 12. Nd5 Bxd5 13. cxd5 Nc5 14. Qd2 Nh5
15. g3 g6 16. Nxc5 dxc5 17. f4 exf4 18. gxf4 Ng7 19. Rad1 Qd7 20. e5 Nf5 21.
Bg4 c4 22. d6 Bd8 23. Bf2 h5 24. Bh3 Kh7 25. Kh1 b5 26. Rg1 c3 27. bxc3 Ba5 28.
Bd4 Rc4 29. Qd3 Qc6+ 30. Bg2 Qd7 31. Be4 Nh4 32. f5 Nxf5 33. Bxf5 Qxf5 34. Qxf5
gxf5 35. e6 fxe6 36. Rg7+ Kh6 37. Rdg1 h4 38. R7g6+ Kh7 39. R6g5 1-0

[Event "I Internacional Femenino Chamartín-FMA "]
[Site "Madrid ESP"]
[Date "2014.03.14"]
[Round "5.2"]
[White "Arbunic Castro, Giovanna B"]
[Black "Rodrigo Yanguas, Maria"]
[Result "1/2-1/2"]
[WhiteElo "2054"]
[BlackElo "2165"]
[PlyCount "71"]
[EventDate "2014.03.12"]
[EventType "tourn"]
[EventRounds "10"]
[EventCountry "ESP"]
[Source "lmi"]
[SourceDate "2014.03.12"]

1. Nf3 d5 2. c4 c6 3. cxd5 cxd5 4. d4 Nf6 5. Nc3 Qb6 6. Na4 Qc7 7. g3 Ne4 8.
Bg2 e6 9. O-O Bd6 10. Ng5 f5 11. f3 Nxg5 12. Bxg5 f4 13. Bxf4 Bxf4 14. gxf4
Qxf4 15. Qd3 b6 16. e3 Qd6 17. Nc3 Ba6 18. Nb5 Bxb5 19. Qxb5+ Qc6 20. Qd3 O-O
21. Rac1 Qd7 22. Rc3 Rc8 23. Rfc1 Rxc3 24. Qxc3 Na6 25. Bf1 Qa4 26. Bxa6 Qxa6
27. Qc6 Rf8 28. Qxe6+ Kh8 29. Qe7 Rg8 30. Rc7 Qxa2 31. Rxa7 Qxb2 32. Qe6 Qe2
33. Re7 Qe1+ 34. Kg2 Qe2+ 35. Kg3 Qe1+ 36. Kg2 1/2-1/2

[Event "I Internacional Femenino Chamartín-FMA "]
[Site "Madrid ESP"]
[Date "2014.03.14"]
[Round "5.3"]
[White "Cucarella Montell, Angels"]
[Black "Rudolf, Anna"]
[Result "0-1"]
[WhiteElo "1964"]
[BlackElo "2297"]
[PlyCount "60"]
[EventDate "2014.03.12"]
[EventType "tourn"]
[EventRounds "10"]
[EventCountry "ESP"]
[Source "lmi"]
[SourceDate "2014.03.12"]

1. e4 c6 2. d4 d5 3. e5 c5 4. c3 Nc6 5. Nf3 Bg4 6. Be2 e6 7. Nbd2 cxd4 8. cxd4
Nge7 9. Nb3 Nc8 10. Bd2 Be7 11. O-O O-O 12. Rc1 Nb6 13. Ne1 Bxe2 14. Qxe2 Nc4
15. Bc3 a5 16. Nd2 Nxd2 17. Qxd2 Qb6 18. f4 a4 19. Nc2 Rfc8 20. Kh1 Na5 21. Qf2
Nc4 22. f5 exf5 23. Qxf5 Qe6 24. Qxe6 fxe6 25. a3 Bg5 26. Nb4 Bxc1 27. Rxc1 Rc7
28. Nd3 b6 29. Kg1 Rac8 30. Kf2 Nxa3 0-1

[Event "I Internacional Femenino Chamartín-FMA "]
[Site "Madrid ESP"]
[Date "2014.03.14"]
[Round "6.1"]
[White "Haussernot, Cecile"]
[Black "Rudolf, Anna"]
[Result "1/2-1/2"]
[WhiteElo "2032"]
[BlackElo "2297"]
[PlyCount "77"]
[EventDate "2014.03.12"]
[EventType "tourn"]
[EventRounds "10"]
[EventCountry "ESP"]
[Source "lmi"]
[SourceDate "2014.03.12"]

1. e4 e6 2. d4 d5 3. Nc3 Nf6 4. e5 Nfd7 5. f4 c5 6. Nf3 Nc6 7. Be3 Be7 8. Qd2
O-O 9. dxc5 Bxc5 10. Bxc5 Nxc5 11. O-O-O Qa5 12. h4 Rb8 13. Qe3 Na4 14. Nxa4
Qxa4 15. Kb1 Nb4 16. Qb3 Qxb3 17. axb3 a5 18. c3 Nc6 19. Bd3 f6 20. Rdf1 Bd7
21. g4 Rf7 22. exf6 Rxf6 23. Ne5 Rd8 24. g5 Nxe5 25. fxe5 Rff8 26. Kc2 Bc6 27.
Rhg1 d4 28. c4 Bf3 29. Rg3 Bh5 30. Rgg1 b6 31. Kd2 Bf3 32. Rf2 Bc6 33. Rgf1
Rxf2+ 34. Rxf2 Be8 35. Rf4 Bh5 36. Be2 Bg6 37. Bd3 Bh5 38. Be2 Bg6 39. Bd3
1/2-1/2

[Event "I Internacional Femenino Chamartín-FMA "]
[Site "Madrid ESP"]
[Date "2014.03.14"]
[Round "6.2"]
[White "Cucarella Montell, Angels"]
[Black "Rodrigo Yanguas, Maria"]
[Result "0-1"]
[WhiteElo "1964"]
[BlackElo "2165"]
[PlyCount "90"]
[EventDate "2014.03.12"]
[EventType "tourn"]
[EventRounds "10"]
[EventCountry "ESP"]
[Source "lmi"]
[SourceDate "2014.03.12"]

1. e4 e6 2. d4 d5 3. Nc3 Nf6 4. e5 Nfd7 5. f4 c5 6. Nf3 Nc6 7. Be3 a6 8. Qd2 b5
9. a3 Bb7 10. dxc5 Bxc5 11. Nd4 Qb6 12. Nce2 a5 13. c3 O-O 14. Nc2 b4 15. a4 f6
16. exf6 Nxf6 17. Bxc5 Qxc5 18. Qe3 Qd6 19. Ncd4 Rae8 20. Nb5 Qb8 21. O-O-O e5
22. Qc5 Rd8 23. fxe5 Ne4 24. Qg1 Qxe5 25. Ned4 Nf2 26. Bd3 bxc3 27. bxc3 Nxh1
28. Qxh1 Nxd4 29. Nxd4 Rc8 30. Kc2 Bc6 31. Nxc6 Rxc6 32. Qe1 Qxh2 33. Qe7 Qxg2+
34. Rd2 Qh3 35. Qe5 Qe6 36. Qh5 h6 37. Rg2 Qf7 38. Qe5 Rfc8 39. c4 dxc4 40. Be4
Qf6 41. Qxa5 Rb6 42. Qd5+ Kh8 43. Rd2 Rb2+ 44. Kc1 Rxd2 45. Qxd2 Rd8 0-1

[Event "I Internacional Femenino Chamartín-FMA "]
[Site "Madrid ESP"]
[Date "2014.03.14"]
[Round "6.3"]
[White "Arbunic Castro, Giovanna B"]
[Black "Huerga Leache, Mikel"]
[Result "0-1"]
[WhiteElo "2054"]
[BlackElo "2441"]
[PlyCount "62"]
[EventDate "2014.03.12"]
[EventType "tourn"]
[EventRounds "10"]
[EventCountry "ESP"]
[Source "lmi"]
[SourceDate "2014.03.12"]

1. Nf3 Nf6 2. c4 g6 3. d4 Bg7 4. Nc3 d5 5. cxd5 Nxd5 6. e4 Nxc3 7. bxc3 c5 8.
Be3 Nc6 9. Qd2 Qa5 10. Rc1 cxd4 11. cxd4 Qxd2+ 12. Kxd2 O-O 13. Bb5 Rd8 14.
Bxc6 bxc6 15. Rhd1 Rb8 16. Rxc6 Bb7 17. Rc7 Bxe4 18. Rxe7 Rb2+ 19. Ke1 Bc2 20.
Rc1 Bf8 21. Rxa7 Bd3 22. a3 Re2+ 23. Kd1 Ra2 24. Rc3 Be2+ 25. Kc1 Rb8 26. Rc2
Ra1+ 27. Kd2 Bf1 28. Rcc7 Bxa3 29. Rxf7 Ra2+ 30. Kc3 Bb4+ 31. Kb3 Rxa7 0-1

[Event "I Internacional Femenino Chamartín-FMA "]
[Site "Madrid ESP"]
[Date "2014.03.15"]
[Round "7.1"]
[White "Arbunic Castro, Giovanna B"]
[Black "Haussernot, Cecile"]
[Result "0-1"]
[WhiteElo "2054"]
[BlackElo "2032"]
[PlyCount "102"]
[EventDate "2014.03.12"]
[EventType "tourn"]
[EventRounds "10"]
[EventCountry "ESP"]
[Source "lmi"]
[SourceDate "2014.03.12"]

1. Nf3 c5 2. c4 Nc6 3. Nc3 e5 4. g3 g6 5. Bg2 Bg7 6. O-O Nge7 7. d3 O-O 8. e4
d6 9. Be3 h6 10. Qd2 Kh7 11. Nh4 g5 12. Nf5 Nxf5 13. exf5 Bxf5 14. f4 exf4 15.
gxf4 g4 16. Ne4 Bxe4 17. Bxe4+ f5 18. Bg2 Qf6 19. h3 Qxb2 20. Qxb2 Bxb2 21.
Rab1 Bd4 22. Rxb7+ Kg6 23. Bxd4 Nxd4 24. hxg4 fxg4 25. Be4+ Kf6 26. Rh7 Rh8 27.
Rxh6+ Rxh6 28. Bxa8 Ne2+ 29. Kg2 g3 30. Kf3 Rh2 31. Ke3 g2 32. Bxg2 Rxg2 33.
Rh1 Nd4 34. Ke4 Nf5 35. Rh8 Rxa2 36. Rf8+ Ke6 37. Re8+ Ne7 38. f5+ Kf7 39. Rh8
Re2+ 40. Kf3 Re1 41. Rh7+ Kg8 42. Rh5 Kg7 43. Kf4 a5 44. Rh2 Rf1+ 45. Ke4 Rxf5
46. Rb2 Kf6 47. Rb6 Ke6 48. Ra6 Ng6 49. Rxa5 Rf1 50. Ra8 Re1+ 51. Kf3 Ne5+ 0-1

[Event "I Internacional Femenino Chamartín-FMA "]
[Site "Madrid ESP"]
[Date "2014.03.15"]
[Round "7.2"]
[White "Huerga Leache, Mikel"]
[Black "Cucarella Montell, Angels"]
[Result "1-0"]
[WhiteElo "2441"]
[BlackElo "1964"]
[PlyCount "57"]
[EventDate "2014.03.12"]
[EventType "tourn"]
[EventRounds "10"]
[EventCountry "ESP"]
[Source "lmi"]
[SourceDate "2014.03.12"]

1. e4 c5 2. d3 g6 3. g3 Bg7 4. Bg2 d6 5. f4 Nc6 6. Nf3 e5 7. O-O Nge7 8. f5
gxf5 9. Nh4 f4 10. gxf4 Ng6 11. Nf5 Bxf5 12. exf5 Nxf4 13. Nc3 Qh4 14. Bxf4
exf4 15. Nd5 Bd4+ 16. Kh1 O-O-O 17. c3 Be5 18. Rf3 Rhg8 19. Rh3 Qf2 20. Bf3 Rg5
21. Qf1 Qxb2 22. Rb1 Qxa2 23. d4 cxd4 24. Qb5 Qa6 25. Ne7+ Kc7 26. Qxa6 bxa6
27. Nxc6 Rdg8 28. Rxh7 Rxf5 29. Ne7 1-0

[Event "I Internacional Femenino Chamartín-FMA "]
[Site "Madrid ESP"]
[Date "2014.03.15"]
[Round "7.3"]
[White "Rodrigo Yanguas, Maria"]
[Black "Rudolf, Anna"]
[Result "1-0"]
[WhiteElo "2165"]
[BlackElo "2297"]
[PlyCount "91"]
[EventDate "2014.03.12"]
[EventType "tourn"]
[EventRounds "10"]
[EventCountry "ESP"]
[Source "lmi"]
[SourceDate "2014.03.12"]

1. e4 e6 2. d4 d5 3. Nd2 Be7 4. Bd3 c5 5. dxc5 Nf6 6. Qe2 O-O 7. Ngf3 a5 8. e5
Nfd7 9. h4 f5 10. exf6 Nxf6 11. Nb3 Na6 12. Ng5 Nxc5 13. Nxc5 Bxc5 14. O-O Qd6
15. c4 h6 16. Be3 Bxe3 17. fxe3 e5 18. cxd5 hxg5 19. hxg5 Ng4 20. Rxf8+ Qxf8
21. Rf1 Qc5 22. d6 Qxe3+ 23. Qxe3 Nxe3 24. Rf3 Nf5 25. Bxf5 Bxf5 26. Rxf5 Rd8
27. g6 Rxd6 28. Rxe5 Rxg6 29. Rxa5 Rb6 30. b3 Kf7 31. Kf2 Kf6 32. Kf3 Rb4 33.
Rc5 Rd4 34. Rb5 Rd7 35. a4 Ke6 36. Ke4 Kf6 37. b4 Rc7 38. a5 Rc4+ 39. Kd5 Rc7
40. Kd6 Rf7 41. Rc5 Kg6 42. Rc7 Rf2 43. Rxb7 Rxg2 44. a6 Kf5 45. Rb5+ Ke4 46.
a7 1-0

[Event "I Internacional Femenino Chamartín-FMA "]
[Site "Madrid ESP"]
[Date "2014.03.15"]
[Round "8.1"]
[White "Haussernot, Cecile"]
[Black "Rodrigo Yanguas, Maria"]
[Result "0-1"]
[WhiteElo "2032"]
[BlackElo "2165"]
[PlyCount "62"]
[EventDate "2014.03.12"]
[EventType "tourn"]
[EventRounds "10"]
[EventCountry "ESP"]
[Source "lmi"]
[SourceDate "2014.03.12"]

1. e4 e6 2. d4 d5 3. Nc3 Nf6 4. e5 Nfd7 5. f4 c5 6. Nf3 Nc6 7. Be3 a6 8. Qd2 b5
9. dxc5 Bxc5 10. Ne2 Qb6 11. Bxc5 Nxc5 12. Ned4 Ne4 13. Qe3 Qa5+ 14. c3 Bb7 15.
Bd3 b4 16. Nb3 Qc7 17. O-O bxc3 18. bxc3 Ne7 19. Rac1 Nf5 20. Qe1 Rc8 21. Kh1
O-O 22. g4 Ne7 23. Nbd4 Ng6 24. Qe3 Qe7 25. Rg1 Nxf4 26. Bb1 Ng6 27. c4 Nc5 28.
Nf5 exf5 29. gxf5 d4 30. Qf2 Nxe5 31. Qg3 Bxf3+ 0-1

[Event "I Internacional Femenino Chamartín-FMA "]
[Site "Madrid ESP"]
[Date "2014.03.15"]
[Round "8.2"]
[White "Rudolf, Anna"]
[Black "Huerga Leache, Mikel"]
[Result "1/2-1/2"]
[WhiteElo "2297"]
[BlackElo "2441"]
[PlyCount "27"]
[EventDate "2014.03.12"]
[EventType "tourn"]
[EventRounds "10"]
[EventCountry "ESP"]
[Source "lmi"]
[SourceDate "2014.03.12"]

1. Nf3 d5 2. d4 Nf6 3. g3 c6 4. Bg2 Bf5 5. O-O h6 6. b3 e6 7. c4 Nbd7 8. Bb2
Bd6 9. Nbd2 Qe7 10. Ne5 Ba3 11. Bc3 Bb4 12. Bb2 Ba3 13. Bc3 Bb4 14. Bb2 1/2-1/2

[Event "I Internacional Femenino Chamartín-FMA "]
[Site "Madrid ESP"]
[Date "2014.03.15"]
[Round "8.3"]
[White "Cucarella Montell, Angels"]
[Black "Arbunic Castro, Giovanna B"]
[Result "1/2-1/2"]
[WhiteElo "1964"]
[BlackElo "2054"]
[PlyCount "86"]
[EventDate "2014.03.12"]
[EventType "tourn"]
[EventRounds "10"]
[EventCountry "ESP"]
[Source "lmi"]
[SourceDate "2014.03.12"]

1. e4 c5 2. Nf3 e6 3. d4 cxd4 4. Nxd4 a6 5. Nc3 Qc7 6. Be3 Bb4 7. Nde2 b5 8.
Qd4 Bf8 9. O-O-O Nc6 10. Qb6 Qxb6 11. Bxb6 Nf6 12. a3 b4 13. axb4 Bxb4 14. f3
O-O 15. g4 d6 16. g5 Nd7 17. Bc7 Nde5 18. Bxd6 Bxd6 19. Rxd6 Bb7 20. Bg2 Nc4
21. Rd7 Rab8 22. Nd1 Rfd8 23. Rxd8+ Rxd8 24. b3 N4e5 25. Ne3 f6 26. h4 fxg5 27.
hxg5 Rf8 28. f4 Ng6 29. f5 Nge5 30. Rf1 Nf7 31. fxe6 Nxg5 32. Nf4 Re8 33. Nf5
Ba8 34. Nd5 Nxe6 35. Bh3 Ng5 36. Nc7 Rxe4 37. Bg2 Bb7 38. Bxe4 Nxe4 39. Ne6 Kf7
40. Nexg7 Kg6 41. Rg1+ Kf6 42. Rf1 Kg6 43. Rg1+ Kf6 1/2-1/2

[Event "I Internacional Femenino Chamartín-FMA "]
[Site "Madrid ESP"]
[Date "2014.03.16"]
[Round "9.1"]
[White "Cucarella Montell, Angels"]
[Black "Haussernot, Cecile"]
[Result "1-0"]
[WhiteElo "1964"]
[BlackElo "2032"]
[PlyCount "83"]
[EventDate "2014.03.12"]
[EventType "tourn"]
[EventRounds "10"]
[EventCountry "ESP"]
[Source "lmi"]
[SourceDate "2014.03.12"]

1. e4 c5 2. Nf3 d6 3. d4 cxd4 4. Nxd4 Nf6 5. Nc3 a6 6. Be2 e5 7. Nb3 Be7 8. O-O
O-O 9. Kh1 b6 10. Be3 Bb7 11. f3 Qc7 12. a4 Nc6 13. Nd5 Nxd5 14. exd5 Nb4 15.
c4 f5 16. Bd2 a5 17. Bxb4 axb4 18. Qd2 f4 19. Qxb4 Rf6 20. a5 Rb8 21. axb6 Qd7
22. Bd3 Rh6 23. Rfc1 Bd8 24. Ra7 Qf7 25. Bf1 Qh5 26. h3 Bc8 27. b7 Bxh3 28. Kg1
Rg6 29. Ra8 Qxf3 30. Qd2 Bc7 31. Rc3 Qh5 32. Qf2 e4 33. Qxf4 Rf6 34. Qxe4 Qd1
35. Rf3 Rxf3 36. Qxf3 Qxf3 37. gxf3 Bxf1 38. Kxf1 Kf7 39. Rxb8 Bxb8 40. Na5 g5
41. Nc6 Bc7 42. b8=Q 1-0